000 00488nam a22001931a 4500
001 2269
003 OSt
005 20260204211806.0
008 040209s1982||||dr ||||||b||||||||||spa||
050 _aRD 780.7293 J768m
082 _aRD 780.7293 J768m
100 _aJorge, Bernada
245 _aLa música dominicana: siglo XIX- XX / Bernada Jorge
264 _aSanto Domingo : UASD
490 _ap.
500 _aIncluye indice
650 _a1.Música - RépublicaÌ
942 _2ddc
_cBK
999 _c2269
_d2269